| 000 | 00795nam a2200193Ia 4500 | ||
|---|---|---|---|
| 999 |
_c46922 _d46922 |
||
| 001 | 13775 | ||
| 003 | GE_BSU | ||
| 005 | 20240912141123.0 | ||
| 008 | 181216s2014||||ge |||||||||||||| ||geo|| | ||
| 040 | _cGE_BSU | ||
| 041 | _ageo | ||
| 080 | _a378.(479.22)(066) გ-71 | ||
| 245 | _aგორის სახელმწიფო სასწავლო უნივერსიტეტი. სამეცნიერო შრომების კრებული №6. | ||
| 264 |
_aგორი : _b?, _c2014. |
||
| 300 |
_a247 გვ. ; _c29 სმ. |
||
| 653 | _aგორის სახელმწიფო სასწავლო უნივერსიტეტი | ||
| 653 | _aსამეცნიერო შრომების კრებული | ||
| 942 |
_cBK _2udc |
||